Crítica de la modernidad / (Record no. 206078)

MARC details
000 -CABECERA
campo de control de longitud fija 00870nam a2200277 a 4500
003 - IDENTIFICADOR DEL NÚMERO DE CONTROL
campo de control UPN
005 - FECHA Y HORA DE LA ÚLTIMA TRANSACCIÓN
campo de control 20240924070652.0
008 - ELEMENTOS DE LONGITUD FIJA--INFORMACIÓN GENERAL
campo de control de longitud fija 191112t1994 ag fr 001 0 spa d
020 ## - NÚMERO INTERNACIONAL NORMALIZADO PARA LIBROS
Número Internacional Estándar del Libro 9505572042
035 ## - NÚMERO DE CONTROL DEL SISTEMA
Número de control de sistema UPN01000233983
040 ## - FUENTE DE LA CATALOGACIÓN
Centro catalogador/agencia de origen UPN
Lengua de catalogación spa
Centro/agencia transcriptor UPN
050 14 - SIGNATURA TOPOGRÁFICA DE LA BIBLIOTECA DEL CONGRESO
Número de clasificación D210
Número de documento/Ítem T6.38
100 1# - ASIENTO PRINCIPAL--NOMBRE PERSONAL
Nombre de persona Touraine, Alain,
Fechas asociadas al nombre 1925-
9 (RLIN) 29620
245 10 - MENCIÓN DE TÍTULO
Título Crítica de la modernidad /
Mención de responsabilidad, etc. Alain Touraine ; trad. Alberto Luis Bixio
260 ## - PUBLICACIÓN, DISTRIBUCIÓN, ETC.
Lugar de publicación, distribución, etc. Buenos Aires :
Nombre del editor, distribuidor, etc. FCE,
Fecha de publicación, distribución, etc. 1994.
300 ## - DESCRIPCIÓN FÍSICA
Extensión 391 p.
440 #0 - MENCIÓN DE SERIE/ASIENTO SECUNDARIO--TÍTULO
9 (RLIN) 43733
Título Sección obras de sociología
500 ## - NOTA GENERAL
Nota general Título original: Critique de la modernité.
500 ## - NOTA GENERAL
Nota general Incluye índice temático y de nombres.
650 #4 - ASIENTO SECUNDARIO DE MATERIA - TERMINO TEMATICO
Término de materia o nombre geográfico como elemento de entrada Historia
Subdivisión general Filosofía
9 (RLIN) 6938
650 #4 - ASIENTO SECUNDARIO DE MATERIA - TERMINO TEMATICO
Término de materia o nombre geográfico como elemento de entrada Civilización moderna
9 (RLIN) 8265
700 1# - ASIENTO SECUNDARIO--NOMBRE DE PERSONAL
Nombre de persona Bixio, Alberto L
Forma completa/desarrollada del nombre (Alberto Luis)
Término indicativo de función/relación trad.
9 (RLIN) 43814
905 ## - TIPO DE MATERIAL
Tipo de material Libro
942 ## - ELEMENTOS DE PUNTO DE ACCESO ADICIONAL (KOHA)
Fuente del sistema de clasificación o colocación Library of Congress Classification
Tipo de ítem Koha Libro
Holdings
Estado de retiro Estado de pérdida Fuente del sistema de clasificación o colocación Estado dañado No para préstamo Código de colección Localización permanente Ubicación/localización actual Ubicación en estantería Fecha de adquisición Clasificación Código de barras Fecha visto por última vez Tipo de ítem Koha
    Library of Congress Classification     Colección General Bib. Gregorio Torres Quintero Bib. Gregorio Torres Quintero Planta baja 18/02/2022 D210 T6.38 333757 31/12/2020 Libro